<?xml version="1.0" encoding="UTF-8"?>
<record
    xmlns:xsi="http://www.w3.org/2001/XMLSchema-instance"
    xsi:schemaLocation="http://www.loc.gov/MARC21/slim http://www.loc.gov/standards/marcxml/schema/MARC21slim.xsd"
    xmlns="http://www.loc.gov/MARC21/slim">

  <leader>01332nam2a2200253   4500</leader>
  <controlfield tag="001">RU\NLR\BIBL_A\010879359</controlfield>
  <controlfield tag="005">20250624194000.0</controlfield>
  <datafield tag="010" ind1=" " ind2=" ">
    <subfield code="a">978-5-4446-0630-8</subfield>
    <subfield code="9">250</subfield>
  </datafield>
  <datafield tag="021" ind1=" " ind2=" ">
    <subfield code="a">RU</subfield>
    <subfield code="b">2015-77611</subfield>
    <subfield code="9">4694</subfield>
  </datafield>
  <datafield tag="035" ind1=" " ind2=" ">
    <subfield code="a">(NLR Aleph) 010879359</subfield>
  </datafield>
  <datafield tag="090" ind1=" " ind2=" ">
    <subfield code="a">10496676</subfield>
    <subfield code="c">10496676</subfield>
  </datafield>
  <datafield tag="100" ind1=" " ind2=" ">
    <subfield code="a">20151102d2015    |||y0rusy50      ca</subfield>
  </datafield>
  <datafield tag="101" ind1="0" ind2=" ">
    <subfield code="a">rus</subfield>
  </datafield>
  <datafield tag="102" ind1=" " ind2=" ">
    <subfield code="a">RU</subfield>
  </datafield>
  <datafield tag="105" ind1=" " ind2=" ">
    <subfield code="a">a|||z|||000yy</subfield>
  </datafield>
  <datafield tag="200" ind1="0" ind2=" ">
    <subfield code="a">... &#x432; 2014 &#x433;&#x43E;&#x434;&#x443;</subfield>
    <subfield code="f">[&#x441;&#x43E;&#x441;&#x442;.: &#x443;&#x43F;&#x43E;&#x43B;&#x43D;&#x43E;&#x43C;&#x43E;&#x447;. &#x43F;&#x43E; &#x43F;&#x440;&#x430;&#x432;&#x430;&#x43C; &#x447;&#x435;&#x43B;&#x43E;&#x432;&#x435;&#x43A;&#x430; &#x432; &#x412;&#x43E;&#x440;&#x43E;&#x43D;&#x435;&#x436;. &#x43E;&#x431;&#x43B;. &#x422;.&#x414;. &#x417;&#x440;&#x430;&#x436;&#x435;&#x432;&#x441;&#x43A;&#x430;&#x44F;]</subfield>
  </datafield>
  <datafield tag="210" ind1=" " ind2=" ">
    <subfield code="d">2015</subfield>
    <subfield code="a">&#x411;. &#x43C;.</subfield>
  </datafield>
  <datafield tag="215" ind1=" " ind2=" ">
    <subfield code="a">98, [1] &#x441;.</subfield>
    <subfield code="c">&#x446;&#x432;. &#x438;&#x43B;.</subfield>
  </datafield>
  <datafield tag="320" ind1=" " ind2=" ">
    <subfield code="a">&#x411;&#x438;&#x431;&#x43B;&#x438;&#x43E;&#x433;&#x440;. &#x432; &#x43F;&#x43E;&#x434;&#x441;&#x442;&#x440;&#x43E;&#x447;. &#x43F;&#x440;&#x438;&#x43C;&#x435;&#x447;.</subfield>
  </datafield>
  <datafield tag="461" ind1=" " ind2="0">
    <subfield code="1">001RU\NLR\BIBL_A\010305741</subfield>
    <subfield code="1">2001#$a&#x414;&#x43E;&#x43A;&#x43B;&#x430;&#x434; &#x43E; &#x441;&#x43E;&#x431;&#x43B;&#x44E;&#x434;&#x435;&#x43D;&#x438;&#x438; &#x43F;&#x440;&#x430;&#x432; &#x447;&#x435;&#x43B;&#x43E;&#x432;&#x435;&#x43A;&#x430; &#x432; &#x412;&#x43E;&#x440;&#x43E;&#x43D;&#x435;&#x436;&#x441;&#x43A;&#x43E;&#x439; &#x43E;&#x431;&#x43B;&#x430;&#x441;&#x442;&#x438;...$f&#x423;&#x43F;&#x43E;&#x43B;&#x43D;&#x43E;&#x43C;&#x43E;&#x447;. &#x43F;&#x43E; &#x43F;&#x440;&#x430;&#x432;&#x430;&#x43C; &#x447;&#x435;&#x43B;&#x43E;&#x432;&#x435;&#x43A;&#x430; &#x432; &#x412;&#x43E;&#x440;&#x43E;&#x43D;&#x435;&#x436;. &#x43E;&#x431;&#x43B;.$v... &#x432; 2014 &#x433;&#x43E;&#x434;&#x443;</subfield>
    <subfield code="9">10616309</subfield>
    <subfield code="c">&#x412;&#x43E;&#x440;&#x43E;&#x43D;&#x435;&#x436;</subfield>
    <subfield code="d">2012</subfield>
    <subfield code="f">&#x423;&#x43F;&#x43E;&#x43B;&#x43D;&#x43E;&#x43C;&#x43E;&#x447;. &#x43F;&#x43E; &#x43F;&#x440;&#x430;&#x432;&#x430;&#x43C; &#x447;&#x435;&#x43B;&#x43E;&#x432;&#x435;&#x43A;&#x430; &#x432; &#x412;&#x43E;&#x440;&#x43E;&#x43D;&#x435;&#x436;. &#x43E;&#x431;&#x43B;.</subfield>
    <subfield code="n">&#x41D;&#x430;&#x443;&#x447;&#x43D;&#x430;&#x44F; &#x43A;&#x43D;&#x438;&#x433;&#x430;</subfield>
    <subfield code="t">&#x414;&#x43E;&#x43A;&#x43B;&#x430;&#x434; &#x43E; &#x441;&#x43E;&#x431;&#x43B;&#x44E;&#x434;&#x435;&#x43D;&#x438;&#x438; &#x43F;&#x440;&#x430;&#x432; &#x447;&#x435;&#x43B;&#x43E;&#x432;&#x435;&#x43A;&#x430; &#x432; &#x412;&#x43E;&#x440;&#x43E;&#x43D;&#x435;&#x436;&#x441;&#x43A;&#x43E;&#x439; &#x43E;&#x431;&#x43B;&#x430;&#x441;&#x442;&#x438;...</subfield>
    <subfield code="v">... &#x432; 2014 &#x433;&#x43E;&#x434;&#x443;</subfield>
  </datafield>
  <datafield tag="942" ind1=" " ind2=" ">
    <subfield code="c">BOOK</subfield>
  </datafield>
  <datafield tag="980" ind1=" " ind2=" ">
    <subfield code="a">NB</subfield>
  </datafield>
  <datafield tag="995" ind1=" " ind2=" ">
    <subfield code="5">2015-11-02</subfield>
    <subfield code="a">ad</subfield>
    <subfield code="b">NLR01</subfield>
    <subfield code="c">NLR01</subfield>
    <subfield code="e">RF9</subfield>
    <subfield code="f">1-1184911</subfield>
    <subfield code="k">2014-8/3334</subfield>
    <subfield code="o">0</subfield>
    <subfield code="p">0.00</subfield>
    <subfield code="r">BOOK</subfield>
    <subfield code="s">201483334_</subfield>
  </datafield>
  <datafield tag="995" ind1=" " ind2=" ">
    <subfield code="5">2015-11-02</subfield>
    <subfield code="a">ad</subfield>
    <subfield code="b">NLR01</subfield>
    <subfield code="c">NLR01</subfield>
    <subfield code="e">RF8</subfield>
    <subfield code="f">1-1184915</subfield>
    <subfield code="k">2014-8/3334</subfield>
    <subfield code="o">0</subfield>
    <subfield code="p">0.00</subfield>
    <subfield code="r">BOOK</subfield>
    <subfield code="s">201483334_</subfield>
  </datafield>
</record>
